Crónica del rey pasmado : (Registro nro. 23060)
[ vista simple ]
| 000 -CABECERA | |
|---|---|
| campo de control de longitud fija | 00618nam a2200181 a 4500 |
| 001 - NÚMERO DE CONTROL | |
| campo de control | 000023564 |
| 005 - FECHA Y HORA DE LA ÚLTIMA TRANSACCIÓN | |
| campo de control | 20200930022318.0 |
| 008 - DATOS DE LONGITUD FIJA--INFORMACIÓN GENERAL | |
| campo de control de longitud fija | 101213s1989 sp r 000 f spa d |
| 020 ## - NÚMERO INTERNACIONAL ESTÁNDAR DEL LIBRO | |
| Número Internacional Estándar del Libro | 8440719795 |
| 040 ## - FUENTE DE LA CATALOGACIÓN | |
| Centro catalogador/agencia de origen | DO-SdBNP |
| Lengua de catalogación | spa |
| Centro/agencia transcriptor | BNPHU |
| 082 ## - NÚMERO DE LA CLASIFICACIÓN DECIMAL DEWEY | |
| Número de clasificación | NNN |
| Número de documento/Ítem | T692c |
| 049 ## - FONDOS LOCALES (OCLC) | |
| Fondos de biblioteca | BNGR |
| 100 1# - ENTRADA PRINCIPAL--NOMBRE DE PERSONA | |
| Nombre de persona | Torrente Ballester, Gonzalo, |
| Fechas asociadas al nombre | 1910-1999. |
| 9 (RLIN) | 4745 |
| 245 10 - MENCIÓN DE TÍTULO | |
| Título | Crónica del rey pasmado : |
| Resto del título | scherzo en re(y) mayor alegre, más no demasiado / |
| Mención de responsabilidad, etc. | Gonzalo Torrente Ballester. |
| 260 ## - PUBLICACIÓN, DISTRIBUCIÓN, ETC. | |
| Lugar de publicación, distribución, etc. | Madrid : |
| Nombre del editor, distribuidor, etc. | Club Internacional del Libro, |
| -- | Universidad de Alcalá, |
| Fecha de publicación, distribución, etc. | 1989. |
| 300 ## - DESCRIPCIÓN FÍSICA | |
| Extensión | 174 p. ; |
| Dimensiones | 21 cm. |
| 586 ## - NOTA DE PREMIOS | |
| Nota de premios | Premio Cervantes, 1985 |
| Estado de retiro | Estado de pérdida | Restricciones de uso | No para préstamo | Código de colección | Localización permanente | Ubicación/localización actual | Ubicación en estantería | Fecha de adquisición | Número de inventario | Total de préstamos | Signatura topográfica completa | Código de barras | Fecha visto por última vez | Precio válido a partir de | Tipo de ítem Koha |
|---|---|---|---|---|---|---|---|---|---|---|---|---|---|---|---|
| Monografías: Libros y Folletos | General | General | En catalogación | 13.12.2010 | LF1 | NNN T692c | 23564-10 | 25.06.2020 | 25.06.2020 | Préstamo en sala |
